| 000 | 00356nam a22001577a 4500 | ||
|---|---|---|---|
| 003 | OSt | ||
| 008 | 240507b |||||||| |||| 00| 0 eng d | ||
| 020 | _a9789389802412 | ||
| 082 | _a658.0491 SHI | ||
| 100 | _aSHARMA,Subhash | ||
| 245 | _aInidan Management | ||
| 250 | _a1st Ed | ||
| 260 |
_aNew Delhi _bNew Age _c2021 |
||
| 300 | _a176 | ||
| 942 |
_2ddc _cBK |
||
| 999 |
_c12632 _d12632 |
||